Buenas noches, Gorila / (Registro nro. 2317)
[ vista simple ]
| 000 -CABECERA | |
|---|---|
| Longitud fija campo de control | 00945nam a2200301 a 4500 |
| 003 - • IDENTIFICADOR DELl NÚMERO DE CONTROL | |
| Identificador del número de control | CO-ViMGA |
| 008 - • CÓDIGOS DE INFORMACIÓN DE LONGITUD FIJA | |
| Códigos de información de longitud fija | 141112s2004 ck r 000 u spa d |
| 020 ## - • NÚMERO INTERNACIONAL NORMALIZADO PARA LIBROS | |
| Número Internacional Normalizado para Libros (ISBN) | 9789582572656 |
| 040 ## - FUENTE DE LA CATALOGACIÓN | |
| Centro catalogador de origen | CO-ViMGA |
| Lengua de catalogación | spa |
| Centro transcriptor | CO-ViMGA |
| 041 ## - • CÓDIGO DE LENGUA | |
| Código de lengua del texto/banda sonora o título independiente | SPA |
| 100 1# - • PUNTO DE ACCESO PRINCIPAL-NOMBRE DE PERSONA | |
| Nombre de persona | Rathman, Peggy |
| 245 10 - • TITULO PROPIAMENTE DICHO | |
| Título | Buenas noches, Gorila / |
| Mención de responsabilidad, etc. | Peggy Rathman |
| 250 ## - • MENCIÓN DE EDICIÓN | |
| Mención de edición | 8a ed. |
| 300 ## - • DESCRIPCIÓN FÍSICA | |
| Extensión | 36 p. : il. col. : il. |
| 490 ## - • MENCIÓN DE SERIE | |
| Mención de serie | Ponte poronte |
| 650 14 - • PUNTO DE ACCESO ADICIONAL DE MATERIA - TÉRMINO DE MATERIA | |
| Término de materia o nombre geográfico como elemento inicial | ANIMALES DE LA SELVA - LIBROS DE IMAGENES |
| 650 14 - • PUNTO DE ACCESO ADICIONAL DE MATERIA - TÉRMINO DE MATERIA | |
| Término de materia o nombre geográfico como elemento inicial | DESDE LOS 18 MESES |
| 650 14 - • PUNTO DE ACCESO ADICIONAL DE MATERIA - TÉRMINO DE MATERIA | |
| Término de materia o nombre geográfico como elemento inicial | GORILAS - LIBROS DE IMAGENES |
| 650 14 - • PUNTO DE ACCESO ADICIONAL DE MATERIA - TÉRMINO DE MATERIA | |
| Término de materia o nombre geográfico como elemento inicial | LEER ES MI CUENTO - COLECCION 2011 |
| 650 14 - • PUNTO DE ACCESO ADICIONAL DE MATERIA - TÉRMINO DE MATERIA | |
| Término de materia o nombre geográfico como elemento inicial | LITERATURA INFANTIL ESTADOUNIDENSE |
| 650 14 - • PUNTO DE ACCESO ADICIONAL DE MATERIA - TÉRMINO DE MATERIA | |
| Término de materia o nombre geográfico como elemento inicial | ZOOLOGICOS - LIBROS DE IMAGENES |
| 700 1# - • PUNTO DE ACCESO ADICIONAL - NOMBRE DE PERSONA | |
| Nombre de persona | Mayobre, María Francisca, NULL - NULL |
| 700 1# - • PUNTO DE ACCESO ADICIONAL - NOMBRE DE PERSONA | |
| Nombre de persona | Rathman, Peggy |
| 942 ## - ENTRADA DE ELEMENTOS AGREGADOS (KOHA) | |
| Fuente de clasificaión o esquema | Dewey Decimal Classification |
| Koha [por defecto] tipo de item | LIbro |
| Perdido | Fuente de clasificación o esquema | Estado Físico | No para préstamo | Forma de adquisición | Localización permanente | Localización actual | Localización en estanterías | Fecha adquisición | Préstamos totales | Signatura completa | Código de barras | Fecha última consulta | Número de copia | Fecha del precio de reemplazo | Tipo de item de Koha | Serie de enumeración / cronolog&íacute;a | Note pública |
|---|---|---|---|---|---|---|---|---|---|---|---|---|---|---|---|---|---|
| Dewey Decimal Classification | Colección General | Biblioteca Pública José Eustasio Rivera - San Martin | Biblioteca Pública José Eustasio Rivera - San Martin | Estanteria bebes | 07/05/2024 | A RAT | SN02941 | 07/05/2024 | Ej.1 | 07/05/2024 | Libro Infantil | ||||||
| Dewey Decimal Classification | Colección General | Biblioteca Pública Puerto Lleras | Biblioteca Pública Puerto Lleras | Literatura | 09/09/2024 | A RAT | PL0001588 | 09/09/2024 | Ej.1 | 09/09/2024 | Libro Literatura | ||||||
| Colección Sala Infantil de Literatura Pocatil y Tilín | Biblioteca Pública Departamental Eduardo Carranza - Villavicencio | Biblioteca Pública Departamental Eduardo Carranza - Villavicencio | Sala Infantil | 06/07/2012 | A RAT1 | ECA21076 | 11/26/2024 | Ej.1 | 11/26/2024 | LIbro | 15622 | 20352 | ||||||
| Dewey Decimal Classification | Sala Infantil Segundo Piso | Biblioteca Pública Germán Arciniegas - Villavicencio | Biblioteca Pública Germán Arciniegas - Villavicencio | 12/04/2015 | A RAT1 | 25177 | 12/04/2015 | Ej. 1 | 12/04/2015 | LIbro | 27/jun/2012 | ||||||
| Dewey Decimal Classification | Infantil | Biblioteca Pública Guamal | Biblioteca Pública Guamal | Sala Infantil | 02/13/2023 | A RAT1 | GUA001141 | 02/13/2023 | Ej.1 | 02/13/2023 | Libro Infantil | ||||||
| Dewey Decimal Classification | Infantil | Biblioteca Pública La Macarena | Biblioteca Pública La Macarena | General | 08/19/2025 | A RAT | LM03028 | 08/19/2025 | Ej.1 | 08/19/2025 | LIbro | ||||||
| Dewey Decimal Classification | Infantil | Biblioteca Pública Mapiripan | Biblioteca Pública Mapiripan | Sala Infantil | 01/26/2024 | A TAT1 | MAP00003879 | 01/26/2024 | Ej.1 | 01/26/2024 | LIbro | ||||||
| Dewey Decimal Classification | Infantil | Biblioteca Pública Mapiripan | Biblioteca Pública Mapiripan | Sala Infantil | 01/26/2024 | A TAT1 | MAP00003887 | 01/26/2024 | Ej.1 | 01/26/2024 | LIbro | ||||||
| Dewey Decimal Classification | Infantil | Biblioteca Pública San Juanito - Ernesto Maria Peña Romero | Biblioteca Pública San Juanito - Ernesto Maria Peña Romero | Sala Infantil | 01/18/2024 | A RAT1 | SJU00105 | 01/18/2024 | Ej.1 | 01/18/2024 | LIbro |